Alle Champions-League Niederlagen (Ausscheiden) von Bayern München - Statistiken

Allgemein
  • Dieses Quiz wurde 1.928 mal gespielt
    332 seit der letzten Aktualisierung
  • Das Durchschnittsergebnis liegt bei 35 aus 49
Antwortstatistiken
Saison Wettbewerb Runde Verein % Korrekt
23/24 CL HF Real Madrid
100%
17/18 CL HF Real Madrid
100%
16/17 CL VF Real Madrid
100%
13/14 CL HF Real Madrid
100%
03/04 CL AF Real Madrid
100%
01/02 CL VF Real Madrid
100%
99/00 CL HF Real Madrid
100%
87/88 EdL VF Real Madrid
100%
14/15 CL HF Barcelona
99%
08/09 CL VF Barcelona
99%
24/25 CL VF Inter Mailand
99%
10/11 CL AF Inter Mailand
99%
09/10 CL Finale Inter Mailand
99%
20/21 CL VF Paris
98%
11/12 CL Finale Chelsea
97%
04/05 CL VF Chelsea
97%
22/23 CL VF Manchester City
96%
06/07 CL VF AC Mailand
93%
05/06 CL AF AC Mailand
93%
02/03 CL Gruppe (1.) AC Mailand
93%
89/90 EdL HF AC Mailand
93%
67/68 EdP HF AC Mailand
93%
81/82 EdL Finale Aston Villa
93%
98/99 CL Finale Manchester United
92%
18/19 CL AF Liverpool
90%
80/81 EdL HF Liverpool
90%
15/16 CL HF Atletico Madrid
88%
97/98 CL VF Dortmund
83%
21/22 CL VF Villarreal
83%
94/95 CL HF Ajax Amsterdam
73%
72/73 EdL VF Ajax Amsterdam
73%
86/87 EdL Finale FC Porto
67%
83/84 UEFA-Cup AF Tottenham
61%
96/97 UEFA-Cup 1.Runde Valencia
55%
88/89 UEFA-Cup HF SSC Neapel
53%
07/08 UEFA-Cup HF Zenit St Petersburg
47%
71/72 EdP HF Glasgow Rangers
36%
02/03 CL Gruppe (2.) Deportivo La Coruna
32%
90/91 EdL HF Roter Stern Belgrad
32%
91/92 UEFA-Cup 3.Runde Boldklubben 1903(heute FC Kopenhagen)
31%
76/77 EdL VF Dynamo Kiew
26%
79/80 UEFA-Cup HF Frankfurt
25%
77/78 UEFA-Cup AF Frankfurt
25%
85/86 EdL VF Anderlecht
23%
84/85 EdP HF Everton
19%
02/03 CL Gruppe (3.) RC Lens
15%
69/70 EdL 1.Runde St. Etienne
12%
82/83 EdP VF Aberdeen
5%
93/94 UEFA-Cup 2.Runde Norwich
5%
Keine übereinstimmenden Quizze gefunden
Verteilung der Resultate
Anzahl Personen mit jedem Resultat
Perzentil nach korrekt beantworteten Fragen
Ihre Resultats-Entwicklung
Sie haben dieses Quiz seit der letzten Aktualisierung nicht gespielt